Evaluación técnica y diagnóstico de riesgo de incendio en el edificio de la Biblioteca Luis Demetrio Tinoco de la Universidad de Costa Rica
Đã lưu trong:
| Tác giả chính: | |
|---|---|
| Định dạng: | Sách |
| Được phát hành: |
[San José, Costa Rica]
2009
|
| Những chủ đề: | |
| Các nhãn: |
Thêm thẻ
Không có thẻ, Là người đầu tiên thẻ bản ghi này!
|
MARC
| LEADER | 00000nam a2200000Ia 4500 | ||
|---|---|---|---|
| 003 | 010431 | ||
| 005 | 20221231144047.0 | ||
| 008 | 140114s2009 cr a 000 ||s d | ||
| 040 | |c cru CEDI | ||
| 090 | |a TFG 5939 | ||
| 100 | |a Alfaro Acuña, Alejandro |9 3627 | ||
| 245 | |a Evaluación técnica y diagnóstico de riesgo de incendio en el edificio de la Biblioteca Luis Demetrio Tinoco de la Universidad de Costa Rica | ||
| 260 | |c 2009 |b [San José, Costa Rica] | ||
| 300 | |a 266 hojas; ilustraciones | ||
| 500 | |a Proyecto de graduación (licenciatura en ingeniería civil)--Universidad de Costa Rica. Facultad de Ingeniería. Escuela de Ingeniería Civil | ||
| 650 | |x EVALUACION DE RIESGOS CONTRA INCENDIOS |x INCENDIOS |x MEDIDAS DE SEGURIDAD |x PERCEPCION DE RIESGOS |x INCENDIOS Y PREVENCION DEL FUEGO |x UNIVERSIDAD DE COSTA RICA. BIBLIOTECA LUIS DEMETRIO TINOCO |9 3628 | ||
| 942 | |c TFG | ||
| 999 | |c 16293 |d 16293 | ||
